<?xml version="1.0" encoding="UTF-8"?>
<record
    xmlns:xsi="http://www.w3.org/2001/XMLSchema-instance"
    xsi:schemaLocation="http://www.loc.gov/MARC21/slim http://www.loc.gov/standards/marcxml/schema/MARC21slim.xsd"
    xmlns="http://www.loc.gov/MARC21/slim">

  <leader>00822nam a22001697a 4500</leader>
  <controlfield tag="003">IT-RoPau</controlfield>
  <controlfield tag="005">20220918181109.0</controlfield>
  <controlfield tag="008">130625b        xxu||||| |||| 00| 0 eng d</controlfield>
  <datafield tag="040" ind1=" " ind2=" ">
    <subfield code="c">IT-RoPau</subfield>
  </datafield>
  <datafield tag="100" ind1=" " ind2=" ">
    <subfield code="a">Casillo, Pasquale</subfield>
    <subfield code="9">728</subfield>
  </datafield>
  <datafield tag="245" ind1=" " ind2=" ">
    <subfield code="a">Il Papa</subfield>
  </datafield>
  <datafield tag="260" ind1=" " ind2=" ">
    <subfield code="a">Roncade (Treviso)</subfield>
    <subfield code="b">Grafiche Dipro</subfield>
    <subfield code="c">1994</subfield>
  </datafield>
  <datafield tag="300" ind1=" " ind2=" ">
    <subfield code="a">104 pp.</subfield>
    <subfield code="c">21 cm</subfield>
  </datafield>
  <datafield tag="490" ind1=" " ind2=" ">
    <subfield code="a">Edizioni Segno</subfield>
  </datafield>
  <datafield tag="520" ind1=" " ind2=" ">
    <subfield code="a">Indice

Capitolo I - L'elezione
Capitolo II - Il titolo
Capitolo III -  Il successore
Capitolo IV - Il potere
Capitolo V - L'indipendenza
Capitolo VI - Il ministero
Capitolo VII - Il magistero
Capitolo VIII - Il governo
Capitolo IX - La responsabilit&#xE0;
Capitolo X - Il prestigio
Capitolo XI - La perpetuit&#xE0;
Capitolo XII - La popolarit&#xE0;
Capitolo XIII - Il numero
Capitolo XIV - La sovranit&#xE0;
Capitolo XV - Le attese
</subfield>
  </datafield>
  <datafield tag="942" ind1=" " ind2=" ">
    <subfield code="2">ddc</subfield>
    <subfield code="c">BK</subfield>
  </datafield>
  <datafield tag="999" ind1=" " ind2=" ">
    <subfield code="c">98816</subfield>
    <subfield code="d">98816</subfield>
  </datafield>
  <datafield tag="952" ind1=" " ind2=" ">
    <subfield code="0">0</subfield>
    <subfield code="1">0</subfield>
    <subfield code="2">ddc</subfield>
    <subfield code="4">0</subfield>
    <subfield code="6">P_E1</subfield>
    <subfield code="7">1</subfield>
    <subfield code="a">PAULUS</subfield>
    <subfield code="b">PAULUS</subfield>
    <subfield code="d">2013-06-25</subfield>
    <subfield code="l">0</subfield>
    <subfield code="o">P E1</subfield>
    <subfield code="p">88 - 7282 - 113 - 8</subfield>
    <subfield code="r">2013-06-25 00:00:00</subfield>
    <subfield code="w">2013-06-25</subfield>
    <subfield code="y">BK</subfield>
  </datafield>
  <datafield tag="952" ind1=" " ind2=" ">
    <subfield code="0">0</subfield>
    <subfield code="1">0</subfield>
    <subfield code="2">ddc</subfield>
    <subfield code="4">0</subfield>
    <subfield code="6">P_E1</subfield>
    <subfield code="7">1</subfield>
    <subfield code="a">PAULUS</subfield>
    <subfield code="b">PAULUS</subfield>
    <subfield code="d">2013-06-25</subfield>
    <subfield code="l">0</subfield>
    <subfield code="o">P E1</subfield>
    <subfield code="r">2013-06-25 00:00:00</subfield>
    <subfield code="w">2013-06-25</subfield>
    <subfield code="y">BK</subfield>
  </datafield>
</record>
